Secret Story 11 - Candidats par photo - Statistiques

Statistiques générales
  • Ce quiz a été pris 88 fois
  • Le résultat moyen est 11 sur 17
Statistiques - réponses
Par images Réponse % Correct
Laura
100%
Kamila
97%
Noré
96%
Barbara
90%
Alain
85%
Bryan
82%
Benoît
81%
Charlène
81%
Makao
67%
Tanya
65%
Charles
60%
Julie
60%
Jordan
53%
Cassandre
33%
Shirley
32%
Benjamin
29%
Lydia
26%
Aucun quiz correspondant
Distribution des résultats
% des personnes avec chaque résultat
Percentile par nombre de réponses
Votre historique - résultats
Vous n’avez pas pris ce quiz